| 000 | 00798 a2200265 4500 | ||
|---|---|---|---|
| 999 |
_c36331 _d13600 |
||
| 001 | 36331 | ||
| 003 | TR-AnTOB | ||
| 005 | 20220426161520.0 | ||
| 008 | 060831s1991 tu 00000 tur | ||
| 040 |
_aETU _beng _cTR-AnTOB _erda |
||
| 041 | _atur | ||
| 050 |
_aDS51.S563 _bD64 1991 |
||
| 090 | _aDS51.S563 D64 1991 | ||
| 100 |
_aPala, Cihan _926841 |
||
| 245 | 0 |
_aDoğası, tarihi ve folkloruyla Simav / _cCihan Pala, Ertuğrul Erdoğdu. |
|
| 246 | 3 | _aSimav. | |
| 264 | 1 |
_aAnkara : _bErtem , _c1991. |
|
| 300 |
_a258s. : _bres., har. |
||
| 490 | 0 |
_aSimav İlçesi Halk Eğitimi Hizmetlerini Geliştirme ve Folklor Araştırma Derneği yayınları ; _vno 1. |
|
| 651 | 7 |
_aSimav İlçesi (Türkiye) _2 _926844 |
|
| 700 |
_aErdoğdu, Ertuğrul _926842 |
||
| 902 | _a0016095 | ||
| 942 |
_cBK _2lcc |
||